000 00893nam a2200217Ia 4500
003 IN-BaIIA
008 211028s9999 xx 000 0 eng d
020 _a1-56396-038-9
040 _cIIA Library
080 _a52-732
_bVER
111 _aInternational Symposium on Very High Energy Cosmic-Ray Interactions
_n8
_cAnn Arbor, MI, USA
_d1992 June 21-27
_923612
245 0 _aVery high energy cosmic-ray interactions
_bproceedings of the international symposium on very high energy cosmic-ray interactions, held in Ann Arbor, MI, USA, June 21-27, 1992
_cedited by Lawrence Jones
250 _a7th ed.
260 _aNew York
_bAmerican Institute of Physics
_c1993
300 _axii, 736p.
490 _aAIP conference proceedings; vol. 276
650 _aCosmic rays
650 _aNuclear physics
_91527
700 _aJones, Lawrence, ed.
_923613
942 _cBK
999 _c13464
_d13464